000 00516nmm a2200169Ia 4500
008 251105s9999||||xx |||||||||||||||||und||
020 _a9788496582309
041 _aspa
100 _aOrtega, María Luisa
245 0 _aEspejos rotos :
_b aproximaciones al documental norteamericano contemporáneo
264 _a[Madrid, España] :
_bOcho y Medio,
_c2007
300 _a405 páginas
490 _aTexto documenta
650 _aFilm studies
856 _uhttps://public.digitaliapublishing.com/a/349
942 _cCF
999 _c90003
_d90003